[Event "EU-ch Amateur U2000"]
[Site "Zagreb"]
[Date "2022.08.19"]
[Round "7"]
[White "Babaja, Mladen"]
[Black "Ascic, Matos"]
[Result "1-0"]
[WhiteElo "1795"]
[BlackElo "1775"]
[PlyCount "105"]
[EventDate "2022.08.14"]
[EventType "swiss"]
[EventRounds "9"]
[EventCountry "CRO"]
[SourceTitle "CBM 210 Extra"]
[Source "ChessBase"]
[SourceDate "2022.11.30"]
[SourceVersion "1"]
[SourceVersionDate "2022.11.30"]
[SourceQuality "1"]

1. e4 e5 2. Nf3 d6 3. d4 exd4 4. Nxd4 Nf6 5. Nc3 a6 6. g3 Be7 7. Bg2 Nfd7 8. 0-0 c6 9. Nf5 0-0 10. Nxd6 Ne5 11. Nxc8 Qxc8 12. Qe2 b5 13. a3 Bc5 14. Be3 Bxe3 15. Qxe3 Nc4 16. Qc1 Ra7 17. b3 Ne5 18. Qf4 Ng6 19. Qf5 Qc7 20. Qc5 Nd7 21. Qe3 Nde5 22. Bh3 Raa8 23. Rfd1 Rfd8 24. f4 Nd7 25. b4 Nb6 26. Bf1 Rd7 27. Rxd7 Nxd7 28. Rd1 Ngf8 29. e5 a5 30. Bg2 axb4 31. axb4 Nb6 32. Qc5 Rc8 33. Rd6 Qa7 34. Rxc6 Qa1+ 35. Bf1 Rxc6 36. Qxc6 Nc4 37. Qxb5 Na3 38. Qd3 Qb2 39. b5 h5 40. Nd5 Nxc2 41. Ne7+ Kh8 42. Qd8 Qd4+ 43. Qxd4 Nxd4 44. b6 Nd7 45. b7 Nb8 46. Kf2 Ndc6 47. Nxc6 Nxc6 48. Ke3 Kg8 49. Bg2 Nb8 50. Kd4 Kf8 51. Kc5 Ke7 52. Kb6 Kd8 53. Bc6 1-0

[Event "Osijek op 12th"]
[Site "Osijek"]
[Date "2019.02.21"]
[Round "2.40"]
[White "Ascic, Matos"]
[Black "Juric, Mia Ivona"]
[Result "1-0"]
[WhiteElo "1703"]
[BlackElo "1152"]
[PlyCount "35"]
[EventDate "2019.02.21"]
[EventType "swiss"]
[EventRounds "7"]
[EventCountry "CRO"]
[SourceTitle "EXT 2023"]
[Source "ChessBase"]
[SourceDate "2022.10.05"]
[SourceVersion "1"]
[SourceVersionDate "2022.10.05"]
[SourceQuality "1"]

1. e4 e5 2. Nf3 Nc6 3. h3 Bc5 4. c3 Nf6 5. Qe2 d5 6. d3 0-0 7. Bg5 Be7 8. Nbd2 d4 9. Nc4 Be6 10. Ncxe5 Nxe5 11. Nxe5 h6 12. Bd2 c5 13. Qf3 Bd6 14. Ng4 Nxg4 15. hxg4 f6 16. Be2 Qd7 17. Qh3 h5 18. Qxh5 1-0

[Event "Osijek op 10th"]
[Site "Osijek"]
[Date "2017.02.25"]
[Round "5"]
[White "Ascic, Matos"]
[Black "Lucan, Darko"]
[Result "0-1"]
[WhiteElo "1713"]
[BlackElo "1900"]
[PlyCount "106"]
[EventDate "2017.02.23"]
[EventType "swiss"]
[EventRounds "7"]
[EventCountry "CRO"]
[SourceTitle "EXT 2019"]
[Source "ChessBase"]
[SourceDate "2018.10.10"]
[SourceVersion "1"]
[SourceVersionDate "2018.10.10"]
[SourceQuality "1"]

1. e4 d6 2. Nc3 g6 3. d4 Bg7 4. Bc4 Nf6 5. Bg5 0-0 6. Qd2 c6 7. Bh6 Qb6 8. Bxg7 Kxg7 9. Bb3 a5 10. a4 Be6 11. Bxe6 fxe6 12. Nge2 Nbd7 13. Nf4 Kf7 14. 0-0-0 e5 15. Nfe2 exd4 16. Qxd4 c5 17. Qc4+ Kg7 18. f4 Qb4 19. Qe6 Nb6 20. e5 Nc4 21. exf6+ Rxf6 22. Qxe7+ Kh6 23. Rd3 Qxb2+ 24. Kd1 Qa1+ 25. Nc1 Nb2+ 26. Kd2 Nxd3 27. Qxf6 Nb2 28. Qe7 Nc4+ 29. Kd3 Nb2+ 30. Ke2 Nc4 31. g4 Qxc3 32. g5+ Kh5 33. Qxh7+ Kg4 34. Rg1+ Kf5 35. Qd7+ Ke4 36. Qxb7+ Kf5 37. Qf7+ Ke4 38. Qe6+ Ne5 39. Re1 Kxf4 40. Nd3+ Kxg5 41. Qe7+ Kh6 42. Qh4+ Kg7 43. Nxe5 Re8 44. Kd1 Rxe5 45. Rxe5 Qxe5 46. h3 Qh5+ 47. Qxh5 gxh5 48. Kd2 d5 49. Ke3 Kf6 50. Kf4 Ke6 51. Kg5 d4 52. Kxh5 Kf5 53. Kh6 c4 0-1

[Event "Osijek op 10th"]
[Site "Osijek"]
[Date "2017.02.24"]
[Round "3"]
[White "Ascic, Matos"]
[Black "Jakovljevic, Tadija"]
[Result "1-0"]
[WhiteElo "1713"]
[BlackElo "1643"]
[PlyCount "77"]
[EventDate "2017.02.23"]
[EventType "swiss"]
[EventRounds "7"]
[EventCountry "CRO"]
[SourceTitle "EXT 2019"]
[Source "ChessBase"]
[SourceDate "2018.10.10"]
[SourceVersion "1"]
[SourceVersionDate "2018.10.10"]
[SourceQuality "1"]

1. d4 d5 2. Nf3 e6 3. g3 c5 4. c3 Nf6 5. Bg5 a6 6. Nbd2 c4 7. Bg2 Nbd7 8. 0-0 Bd6 9. e4 dxe4 10. Nxe4 Be7 11. Ned2 b5 12. Ne5 Nxe5 13. Bxa8 Nd3 14. b3 Nd5 15. Bc6+ Kf8 16. Bxe7+ Kxe7 17. Nxc4 bxc4 18. bxc4 N5f4 19. gxf4 Nxf4 20. Qf3 g5 21. Rae1 Kf6 22. Re4 Kg6 23. Rxf4 gxf4 24. Qxf4 Qg5+ 25. Qxg5+ Kxg5 26. f3 Rg8 27. Kf2 Rd8 28. Ke3 f5 29. Rb1 h5 30. Rb8 f4+ 31. Kf2 e5 32. d5 Kh4 33. Bb7 Rg8 34. Rxc8 Rg7 35. Rb8 Kh3 36. d6 Kxh2 37. Rh8 Rg5 38. d7 h4 39. Rxh4# 1-0

[Event "Osijek op 10th"]
[Site "Osijek"]
[Date "2017.02.23"]
[Round "1"]
[White "Ascic, Matos"]
[Black "Kejzar, Petra"]
[Result "0-1"]
[WhiteElo "1713"]
[BlackElo "2044"]
[PlyCount "74"]
[EventDate "2017.02.23"]
[EventType "swiss"]
[EventRounds "7"]
[EventCountry "CRO"]
[SourceTitle "EXT 2019"]
[Source "ChessBase"]
[SourceDate "2018.10.10"]
[SourceVersion "1"]
[SourceVersionDate "2018.10.10"]
[SourceQuality "1"]

1. d4 Nf6 2. Nf3 d5 3. c4 c6 4. g3 g6 5. Bg2 Bg7 6. 0-0 0-0 7. cxd5 cxd5 8. Bf4 Nc6 9. Ne5 Qb6 10. Nxc6 bxc6 11. Bc1 Nd7 12. e3 e5 13. dxe5 Nxe5 14. Qb3 Ba6 15. Rd1 Be2 16. Qxb6 axb6 17. Rd2 Nf3+ 18. Bxf3 Bxf3 19. Nc3 d4 20. exd4 Rfe8 21. Kf1 Rad8 22. Rd3 Bg4 23. Be3 Be6 24. Kg2 c5 25. Rad1 Bg4 26. dxc5 Bxd1 27. Rxd1 Bxc3 28. Rxd8 Rxd8 29. bxc3 b5 30. Kf3 Kf8 31. Ke4 Ke7 32. Ke5 f6+ 33. Ke4 Ke6 34. Bd4 Ra8 35. g4 Rxa2 36. f4 f5+ 37. Kf3 Rxh2 0-1